Selena Gomez - Paroles Back to You - Statistiques

Statistiques générales
  • Ce quiz a été pris 32 fois
  • Le résultat moyen est 330 sur 435
Statistiques - réponses
Hint Réponse % Correct
a
100%
back
100%
go
100%
I
100%
(I
100%
to
100%
to)
100%
you
100%
Bridge | Pré-refrain You
100%
you)
100%
in
96%
my
96%
when
96%
When
96%
(When
96%
head
92%
I'm
92%
know
92%
know,
92%
for
88%
And
83%
and
83%
can
83%
do
83%
do)
83%
hold
83%
someone
83%
be
79%
be)
79%
else
79%
it
79%
like
79%
not
79%
can't
75%
get
75%
heart
75%
supposed
75%
two
75%
again
71%
all
71%
But
71%
but
71%
close
71%
could
71%
lie,
71%
of
71%
out
71%
though
71%
wanna
71%
break
67%
Even
67%
(Even
67%
every
67%
Every
67%
If
67%
if
67%
true
67%
we
67%
Couplet 2 We
67%
You're
67%
beats
63%
I'd
63%
shot
63%
talk
63%
that
63%
Couplet 1 Took
63%
want
63%
'Cause
58%
it's
58%
It's
58%
me
58%
stuck
58%
the
58%
this
58%
This
58%
time
58%
cold
54%
don't
54%
got
54%
moment
54%
with
54%
evening
50%
lying
50%
myself
46%
never
46%
Thought
46%
what
46%
What
46%
about
42%
chase
42%
convince
42%
heals,
42%
I'll
42%
single
42%
word
42%
forward,
38%
couple
33%
right
33%
up
33%
was
33%
Won't
33%
are
29%
conversations
29%
down
29%
isn't
29%
(Isn't
29%
make
29%
years
29%
business
25%
Everybody
25%
feeling
25%
gotta
25%
knows
25%
Let
25%
old
25%
regret
25%
unfinished
25%
didn't
21%
fight,
21%
hate
21%
how
21%
Playing
21%
say
21%
wasn't
21%
what's
21%
Overthinking
17%
point
17%
replaying
17%
there
17%
thing
17%
water
17%
builds
13%
hiding?
13%
just
13%
sure
8%
thoughts
8%
use?
8%
loose
4%
running
4%
you, I'd
0%
Aucun quiz correspondant
Distribution des résultats
% des personnes avec chaque résultat
Percentile par nombre de réponses
Votre historique - résultats
Vous n’avez pas pris ce quiz